Mostra del Bombelli e del Carneo (Record n. 91334)
[ formato base ]
| 000 -LEADER | |
|---|---|
| fixed length control field | 02175nam a2200313Ia 4500 |
| 001 - CONTROL NUMBER | |
| control field | H9690 |
| 003 - CONTROL NUMBER IDENTIFIER | |
| control field | IT-RoPAU |
| 008 - FIXED-LENGTH DATA ELEMENTS--GENERAL INFORMATION | |
| fixed length control field | 130308s9999 xx 000 0 und d |
| 040 ## - CATALOGING SOURCE | |
| Original cataloging agency | IT-RoPAU |
| 040 ## - CATALOGING SOURCE | |
| Transcribing agency | IT-RoPAU |
| 041 ## - LANGUAGE CODE | |
| Language code of text/sound track or separate title | ITALIANO |
| 100 ## - MAIN ENTRY--PERSONAL NAME | |
| Personal name | Rizzi Aldo |
| 100 ## - MAIN ENTRY--PERSONAL NAME | |
| Miscellaneous information | Codice Aut. SPICS: 59685 |
| 245 ## - TITLE STATEMENT | |
| Title | Mostra del Bombelli e del Carneo |
| 245 ## - TITLE STATEMENT | |
| Remainder of title | Mostra del Bombelli e del Carneo |
| 250 ## - EDITION STATEMENT | |
| Edition statement | 1a ed. |
| 260 ## - PUBLICATION, DISTRIBUTION, ETC. (IMPRINT) | |
| Place of publication, distribution, etc. | UDINE |
| 260 ## - PUBLICATION, DISTRIBUTION, ETC. (IMPRINT) | |
| Name of publisher, distributor, etc. | Doretti Editore |
| 260 ## - PUBLICATION, DISTRIBUTION, ETC. (IMPRINT) | |
| Date of publication, distribution, etc. | 1964 [1° Ed.:1964 - Ed.Ling.Originale:1964] |
| 300 ## - PHYSICAL DESCRIPTION | |
| Extent | "280 p. (prefazione: 72; testo: 208 [pagine: 0-0])" |
| 500 ## - GENERAL NOTE | |
| General note | "Catalogo della mostra Tenutasi nella Chiesa di S. Francesco, Udine dal 27Agosto al 15 Novembre 1964. presentazione delle Opere Esposte tra le Quali: Bombelli (Autoritratto; ritratto di 3 Avogadori; ritratto dei censori Martin Barbaro e di un Lando; ritratto di Benedetto Mangilli; ritratto di Gentiluomo; ritratto di Polo Querini; ritratto di Gerolamo Querini; ritratto Diun Maresciallo di Francia; ritratto di un Senatore Dona'; ritratto degli Avogadori Pietro Garzoni e Francesco Benzon; ritratto del Grande Elettore Dibrandeburgo; ritratto di un Conte Bullo; ritratto della Contessa Eurizia Verità di Valvasone; ritratto del Conte Nicolo' di Valvasone), Antonio Carneo (Vecchia con Conocchia e giovane con Spiga; Autunno; Martirio di S. Bartolomeo; ritratto di Leonardo Caiselli; Didone Abbandonata; prova del Veleno; sacra Famiglia Venerata dal Luogotenente e Dai Deputati; ritratto di Ferdinando Prampero; ritratto di Gentiluomo; Cristo Deposto; Abramo e Agar; Lotta; Mercurio Addormentato e Argo; Indovina; Seduzione; Apollo e Marsia; S. tommaso che Dispensa Il pane Ai Poveri; S. Gottardo, Sant'Antonio e Bambino; Tentazioni di S. Antonio; Eolo che Abbraccia Il Cavallo; Ercole e L'Idra;S. Luca Evangelista; Giramondo; Meditazione; vecchia con L'Arcolaio: Inverno; S. Gerolamo; Profeta Sdraiato; Suicidio di Senaca; S. Chiara; S. Antonio" |
| 650 ## - SUBJECT ADDED ENTRY--TOPICAL TERM | |
| Topical term or geographic name as entry element | AUTORI/OPERE DI PITTURA |
| 650 ## - SUBJECT ADDED ENTRY--TOPICAL TERM | |
| Relator term | Codice materia Spics: 5207 |
| 700 ## - ADDED ENTRY--PERSONAL NAME | |
| Personal name | Pallucchini Rodolfo |
| 700 ## - ADDED ENTRY--PERSONAL NAME | |
| Miscellaneous information | Codice Aut. SPICS: 2937 |
| 942 ## - ADDED ENTRY ELEMENTS (KOHA) | |
| Koha item type | LIBRO |
| 957 ## - | |
| -- | 1 |
| 999 ## - SYSTEM CONTROL NUMBERS (KOHA) | |
| -- | 1 |
| Withdrawn status | Lost status | Damaged status | Not for loan | Home library | Current library | Date acquired | Total Checkouts | Full call number | Date last seen | Price effective from | Koha item type | Public note |
|---|---|---|---|---|---|---|---|---|---|---|---|---|
| Buone Condizioni | Not For Loan | SPICS-MEDIATECA | SPICS-MEDIATECA | 08/03/2013 | H9690 | 08/03/2013 | 08/03/2013 | LIBRO | Progressivo inserimento: 24364 / N. Volumi: 1 Copie: 1 / data import: 1 marzo 2013 - By Epidotti, Trombetti, Vaglietti. |